| 000 | 00547nam a22001817a 4500 | ||
|---|---|---|---|
| 999 |
_c3891 _d3891 |
||
| 003 | GBCCL | ||
| 005 | 20241126110506.0 | ||
| 008 | 171215b xxu||||| |||| 00| 0 eng d | ||
| 040 | _cgbc | ||
| 082 |
_a269.2092 _bCER |
||
| 100 |
_aCerullo, Morris _97640 |
||
| 245 |
_aFrom Judaism to Christianity / _cMorris Cerullo |
||
| 260 |
_bA World Evangelism Publication, _aSan Diego: _c1972 |
||
| 300 |
_a88 p.; _bill., _c23 cm. |
||
| 600 |
_aMorris Cerullo _vbiography _xEvangelist _99385 |
||
| 650 |
_aJudaism _vChristianity _xconverts _99386 |
||
| 942 |
_2ddc _cBK |
||